Motivation in education : (Record no. 167808)

MARC details
000 -LEADER
fixed length control field 00793nam a22002177a 4500
005 - DATE AND TIME OF LATEST TRANSACTION
control field 20190919150536.0
010 ## - LCCN (DPL NO)
LC control number ENG-126500
020 ## - INTERNATIONAL STANDARD BOOK NUMBER
Terms of availability 499.00
International Standard Book Number 9789353067236
035 ## - SYSTEM CONTROL NUMBER
System control number EN-110032
037 ## - SOURCE OF ACQUISITION
Source of stock number/acquisition DBAD/PUB
082 ## - DEWEY DECIMAL CLASSIFICATION NUMBER
Classification number 370.154
Edition number 4th
100 ## - MAIN ENTRY--PERSONAL NAME
Personal name Schunk,Dale H.
245 ## - TITLE STATEMENT
Title Motivation in education :
Statement of responsibility, etc By Dale H.Schunk ...[et., all]
Remainder of title Theory ,Research and Applications /
260 ## - PUBLICATION, DISTRIBUTION, ETC. (IMPRINT)
Place of publication, distribution, etc Chennai
Name of publisher, distributor, etc Pearson India EducationServices
Date of publication, distribution, etc 2019
270 ## - ADDRESS
City Chennai
Address 4th Floor,Software Block,Elnet Software City,TS 140,Block 2&9 Taramani
Postal code 600113
Telephone number 080-30461060
Fax number 080-30461003
Electronic mail address companysecretary.india@pearson.com
300 ## - PHYSICAL DESCRIPTION
Extent 332p.
Dimensions 25cm(pbk)
500 ## - GENERAL NOTE
General note includes index
700 ## - ADDED ENTRY--PERSONAL NAME
Personal name Meece ,Judith R
700 ## - ADDED ENTRY--PERSONAL NAME
Personal name Pintrich,Paul R.
942 ## - ADDED ENTRY ELEMENTS (KOHA)
Source of classification or shelving scheme Dewey Decimal Classification
Item type English Books
Classification part 370.154
Call number suffix SCH
Holdings
Withdrawn status Lost status Not for loan Collection code Home library Current library Date acquired Source of acquisition Cost, normal purchase price Full call number Barcode Copy number Cost, replacement price Koha item type
      Non-fiction Patel Nagar Patel Nagar 19/09/2019 DBAD/PUB 499.00 370.154 SCH EN-110032 1 499.00 English Books

© Delhi Public Library
Hit Counter
free hit counter